MARC

LEADER 00000nam0a2200000 4500
001 297200
005 20231102001002.0
035 |a (RuTPU)RU\TPU\book\322320 
090 |a 297200 
100 |a 20150605d1984 km y0rusy50 ca 
101 0 |a rus 
102 |a RU 
105 |a a z 001zy 
200 1 |a Методы расчета подшипников скольжения  |f М. А. Галахов, Е. Д. Терентьев, П. П. Усов  |g Академия наук СССР (АН СССР), Вычислительный центр 
210 |a Москва  |c Изд-во Вычислительного центра АН СССР  |d 1984 
215 |a 56 с.  |c ил. 
225 1 |a Сообщения по прикладной математике 
320 |a Библиогр.: с. 54-55 
606 1 |a Подшипники скольжения  |x Расчет  |2 stltpush  |3 (RuTPU)RU\TPU\subj\49743  |9 68507 
610 1 |a расчетные схемы 
610 1 |a контактные задачи 
610 1 |a уравнения 
610 1 |a упругие деформации 
610 1 |a изнашивание 
610 1 |a смазочные материалы 
610 1 |a контактно-гидродинамическая задача 
675 |a 622.822.5  |v 4 
700 1 |a Галахов  |b М. А.  |g Михаил Алексеевич 
701 1 |a Терентьев  |b Е. Д.  |g Евгений Дмитриевич 
701 1 |a Усов  |b П. П.  |g Павел Павлович 
712 0 2 |a Академия наук СССР (АН СССР)  |b Вычислительный центр  |2 stltpush  |3 (RuTPU)RU\TPU\col\11481 
801 1 |a RU  |b 63413507  |c 20150605 
801 2 |a RU  |b 63413507  |c 20190610  |g RCR 
942 |c BK